000
00293 a2200121 4500
001
60273
040
_c
Anchieta - Pituba
240
1
0
_a
Brujas y sus maravillas
_l
por
245
1
0
_a
Brujas y sus maravillas
300
_a
91
650
4
_a
Tratamento histórico e geográfico de pessoas
942
_c
BK
999
_c
60273
_d
60273